00733cam a2200181 4500001001000000008004100010035001400051050001900065100002300084245030300107260003800410300000900448440002300457650003100480650000900511942001200520999001900532BP2000117 19211921 spa  aBP2000117 4aG420bB47 19211 aBernier, Francisco 0aViajes de Francisco Bernier : con la descripción de los estados del gran Mogol, del Indostan, del Reyno de Cachemira, etc. En que trata de las riquezas de las fuerzas de la justicia y de las causas principales de la decadencia de los estados del Asia y de varios considerados sucesos y donde se - aMadrid, España. :bCalpe,c1921 a2 V. 0aViajes Clásicos. 4aViajes alrededor del mundo 4aAsia 2lccLIB c112429d112429